UKIT activity survey (Record no. 107347)

MARC details
000 -LEADER
fixed length control field 01287cad a22002415a 4500
001 - CONTROL NUMBER
control field L139781
008 - FIXED-LENGTH DATA ELEMENTS--GENERAL INFORMATION
fixed length control field 070808s2007 xxkd f s 000 0 eng d
035 ## - SYSTEM CONTROL NUMBER
System control number (Sirsi) u139781
041 0# - LANGUAGE CODE
Language code of text/sound track or separate title eng
050 04 - LIBRARY OF CONGRESS CALL NUMBER
Classification number 332.6324 $2 18
110 2# - MAIN ENTRY--CORPORATE NAME
Corporate name or jurisdiction name as entry element Lambert Smith Hampton
9 (RLIN) 2865
245 00 - TITLE STATEMENT
Title UKIT activity survey
Remainder of title second quarter 2007
Medium [electronic resource]
260 ## - PUBLICATION, DISTRIBUTION, ETC.
Place of publication, distribution, etc. London
Name of publisher, distributor, etc. LSH
Date of publication, distribution, etc. 2007
490 #0 - SERIES STATEMENT
Series statement Lambert Smith Hampton UKIT Activity Survey
Volume/sequential designation Second Quarter 2007
520 ## - SUMMARY, ETC.
Summary, etc. Reports there has been a record level of transactions from overseas investors during the second quarter of 2007, accounting for nearly 43% of total purchases. The office sector has taken nearly 60% of transactions, boosted by two big deals at Canary Wharf. The average transactions yield on the office, retail and industrial sectors has fallen below the five year £SWAP rate due to the continued rise in finance rates.
590 ## - LOCAL NOTE (RLIN)
Local note KA
650 24 - SUBJECT ADDED ENTRY--TOPICAL TERM
Topical term or geographic name entry element LAMBERT SMITH HAMPTON UKIT ACTIVITY SURVEY
651 #4 - SUBJECT ADDED ENTRY--GEOGRAPHIC NAME
Geographic name United Kingdom
Chronological subdivision
690 ## - LOCAL SUBJECT ADDED ENTRY--TOPICAL TERM (OCLC, RLIN)
Topical term or geographic name as entry element PROPERTY-COMMERCIAL PROPERTY-COMMERCIAL PROPERTY FINANCE AND INVESTMENT
690 ## - LOCAL SUBJECT ADDED ENTRY--TOPICAL TERM (OCLC, RLIN)
Topical term or geographic name as entry element PROPERTY-COMMERCIAL PROPERTY-COMMERCIAL PROPERTY MARKET
856 40 - ELECTRONIC LOCATION AND ACCESS
Uniform Resource Identifier <a href="https://www.lsh.co.uk/">https://www.lsh.co.uk/</a>
Public note View the item free of charge after registration at www.lsh.co.uk...
942 ## - ADDED ENTRY ELEMENTS (KOHA)
Suppress in OPAC 0
Holdings
Withdrawn status Lost status Source of classification or shelving scheme Damaged status Not for loan Home library Current library Shelving location Date acquired Total Checkouts Full call number Barcode Date last seen Copy number Price effective from Koha item type
    Dewey Decimal Classification     Virtual Virtual Online 08/08/2007   ONLINE PUBLICATION 139781-2001 06/08/2019 1 06/08/2019 Book